[Event "5e Festival de l'EFE - MI"]
[Site "Metz"]
[Date "2019.07.22"]
[Round "1.1"]
[White "Maurizzi, Marc Andria"]
[Black "Harutyunyan, Ruben"]
[Result "1-0"]
[WhiteElo "2412"]
[BlackElo "2326"]
[PlyCount "45"]
[EventDate "2019.??.??"]

1. e4 e5 2. Nf3 Nc6 3. Bb5 g6 4. d4 exd4 5. Bg5 Be7 6. Bxe7 Qxe7 7. Bxc6 dxc6
8. Qxd4 Nf6 9. Nc3 Bg4 10. Nd2 O-O 11. f3 Be6 12. O-O-O a5 13. f4 Rad8 14. Qf2
b5 15. e5 Nd5 16. Nde4 Nxc3 17. Nf6+ Kg7 18. Qh4 Ne2+ 19. Kb1 Bxa2+ 20. Ka1
Rxd1+ 21. Rxd1 Rh8 22. Nh5+ Kf8 23. Rd8+ 1-0

[Event "5e Festival de l'EFE - MI"]
[Site "Metz"]
[Date "2019.07.22"]
[Round "1.2"]
[White "Ravi, Teja S."]
[Black "Kurayan, Ruslan"]
[Result "1/2-1/2"]
[WhiteElo "2410"]
[BlackElo "2376"]
[PlyCount "152"]
[EventDate "2019.??.??"]

1. d4 Nf6 2. Nf3 g6 3. g3 Bg7 4. Bg2 O-O 5. O-O d6 6. c4 Nc6 7. Nc3 Bf5 8. d5
Na5 9. Nd2 c6 10. b4 Nxd5 11. cxd5 Bxc3 12. e4 Bxe4 13. Nxe4 Bxa1 14. bxa5 Bg7
15. a6 c5 16. axb7 Rb8 17. Nd2 Rxb7 18. Nc4 Rb1 19. Qc2 Ra1 20. a3 Qd7 21. Na5
Rb8 22. Nb3 Rxc1 23. Nxc1 Rb2 24. Qc4 Qb5 25. Qxb5 Rxb5 26. Re1 Rb1 27. Nd3 Rb3
28. Bf1 Bf6 29. a4 Ra3 30. Re4 Kf8 31. Nf4 Ra1 32. Kg2 g5 33. Nh3 Rd1 34. Bc4
e6 35. dxe6 d5 36. Be2 Rd2 37. Re3 c4 38. Rf3 fxe6 39. Bxc4 g4 40. Rxf6+ Kg7
41. Rxe6 gxh3+ 42. Kxh3 dxc4 43. Re7+ Kf6 44. Rxa7 Rxf2 45. Rxh7 Ke5 46. Kg4
Ra2 47. Re7+ Kd6 48. Re1 Rxh2 49. Ra1 c3 50. a5 c2 51. a6 Rh7 52. Rc1 Ra7 53.
Rxc2 Rxa6 54. Kh5 Ra8 55. g4 Rh8+ 56. Kg6 Rg8+ 57. Kf5 Rf8+ 58. Kg5 Rg8+ 59.
Kh4 Rh8+ 60. Kg3 Ke6 61. Rf2 Rg8 62. Rf5 Rg6 63. Kh4 Rg8 64. Rf4 Ke5 65. Rf2
Rh8+ 66. Kg3 Rg8 67. Rf1 Ke6 68. Rf2 Ke5 69. Rf5+ Ke6 70. Kf4 Ra8 71. Kf3 Ra3+
72. Kf4 Ra8 73. Kg3 Rg8 74. Rf3 Ke5 75. Rf7 Ke6 76. Rf5 Rg6 1/2-1/2

[Event "5e Festival de l'EFE - MI"]
[Site "Metz"]
[Date "2019.07.23"]
[Round "2.1"]
[White "Ravi, Teja S."]
[Black "Delorme, Alban"]
[Result "1-0"]
[WhiteElo "2410"]
[BlackElo "2327"]
[PlyCount "97"]
[EventDate "2019.??.??"]

1. d4 d5 2. Bf4 Nf6 3. e3 e6 4. Nf3 Bd6 5. Bxd6 cxd6 6. c4 dxc4 7. Bxc4 O-O 8.
O-O b6 9. Nc3 Bb7 10. Qe2 Nc6 11. Rac1 e5 12. Ba6 Bxa6 13. Qxa6 exd4 14. Nb5
Nb4 15. Qa3 a5 16. Nbxd4 Qd7 17. Qb3 Ne4 18. a3 Nc5 19. Qc4 Nbd3 20. Rc2 Rac8
21. Rd1 Ne5 22. Qd5 Rfe8 23. Nxe5 Rxe5 24. Qc4 Ree8 25. Qb5 Qb7 26. h3 g6 27.
b4 axb4 28. axb4 Ne4 29. Rdc1 Kg7 30. Rc6 Rxc6 31. Qxc6 Qe7 32. Rc2 Qe5 33. Ra2
b5 34. Nxb5 Rb8 35. Ra5 Qf5 36. f3 Nf6 37. Nxd6 Qb1+ 38. Kh2 Qxb4 39. Ra6 Nh5
40. Ra7 Qe1 41. Rxf7+ Kg8 42. Ne4 Kxf7 43. Qc7+ Ke6 44. Qxb8 Qxe3 45. Qe8+ Kd5
46. Nf6+ Kd4 47. Qxe3+ Kxe3 48. Nxh5 gxh5 49. Kg3 1-0

[Event "5e Festival de l'EFE - MI"]
[Site "Metz"]
[Date "2019.07.23"]
[Round "2.5"]
[White "Harutyunyan, Ruben"]
[Black "Philippe, Guillaume"]
[Result "1/2-1/2"]
[WhiteElo "2326"]
[BlackElo "2344"]
[PlyCount "62"]
[EventDate "2019.??.??"]

1. e4 c5 2. Nf3 e6 3. d4 cxd4 4. Nxd4 a6 5. c4 Nf6 6. Nc3 d6 7. Be2 Qc7 8. O-O
b6 9. Be3 Bb7 10. f3 Nbd7 11. Qd2 Be7 12. Rfc1 O-O 13. a4 Rab8 14. b4 Rfc8 15.
Rab1 Qd8 16. Nb3 Ne5 17. c5 bxc5 18. bxc5 Nc6 19. Rd1 Ne8 20. cxd6 Bxd6 21. Nc5
Qc7 22. Nxb7 Rxb7 23. Bxa6 Rxb1 24. Rxb1 Bxh2+ 25. Kf1 Rd8 26. Qc1 Qe7 27. Ne2
Ne5 28. Rb7 Qd6 29. Rb6 Qe7 30. Rb7 Qd6 31. Rb6 Qe7 1/2-1/2

[Event "5e Festival de l'EFE - MI"]
[Site "Metz"]
[Date "2019.07.23"]
[Round "3.1"]
[White "Maurizzi, Marc Andria"]
[Black "Ravi, Teja S."]
[Result "1/2-1/2"]
[WhiteElo "2412"]
[BlackElo "2410"]
[PlyCount "165"]
[EventDate "2019.??.??"]

1. e4 c6 2. d4 d5 3. e5 Bf5 4. h4 h5 5. Bd3 Bxd3 6. Qxd3 Qa5+ 7. Nd2 e6 8. Ne2
Ne7 9. O-O Nf5 10. Nf3 Qa6 11. Qd1 Be7 12. Bg5 Bxg5 13. Nxg5 g6 14. Ng3 Nxh4
15. b3 Nf5 16. Nxf5 gxf5 17. c4 Qa5 18. f4 Na6 19. Rb1 Qd8 20. c5 Nc7 21. b4 a6
22. a4 Ke7 23. Rf3 h4 24. Qe1 Rh6 25. Rh3 Qh8 26. Rhb3 Qe8 27. R1b2 Qd7 28. Rh3
Rah8 29. Qe3 Ke8 30. Qa3 Qc8 31. Kf2 Qa8 32. Rb1 Ke7 33. Rbh1 Qg8 34. Rb1 Qa8
35. Qc1 Qe8 36. Rhb3 Kf8 37. Qa3 Qa8 38. b5 axb5 39. axb5 Qxa3 40. Rxa3 Nxb5
41. Rxb5 cxb5 42. Ra7 h3 43. gxh3 Rxh3 44. Nxh3 Rxh3 45. Ke2 Rc3 46. Rxb7 Rc4
47. Kd3 b4 48. Rb6 Kg7 49. Rb8 Rc3+ 50. Kd2 Rc4 51. Kd3 Kh6 52. Ke3 Rc3+ 53.
Kd2 Rc4 54. Ke3 Kh5 55. Rb7 Kg4 56. Rxf7 Rc3+ 57. Kd2 Kxf4 58. Rb7 Rc4 59. Kd3
Kf3 60. Rb6 Rc3+ 61. Kd2 Rc4 62. Kd3 f4 63. Rxe6 Rc3+ 64. Kd2 Ke4 65. Rf6 Kxd4
66. Rxf4+ Kxe5 67. Rxb4 Rxc5 68. Rh4 Ra5 69. Rh5+ Kd4 70. Rh4+ Kc5 71. Rh8 Ra4
72. Rh7 Ra3 73. Rh4 Ra2+ 74. Kd3 Rg2 75. Rf4 Rg3+ 76. Kd2 d4 77. Rf8 Rg2+ 78.
Kd3 Rg3+ 79. Kd2 Re3 80. Rc8+ Kd5 81. Rd8+ Ke4 82. Re8+ Kf3 83. Rf8+ 1/2-1/2

[Event "5e Festival de l'EFE - MI"]
[Site "Metz"]
[Date "2019.07.23"]
[Round "3.3"]
[White "Philippe, Guillaume"]
[Black "Villegas, Pierre"]
[Result "1-0"]
[WhiteElo "2344"]
[BlackElo "2349"]
[PlyCount "97"]
[EventDate "2019.??.??"]

1. Nf3 d5 2. e3 Nf6 3. c4 e6 4. b3 c5 5. Bb2 Nc6 6. cxd5 exd5 7. d4 cxd4 8.
Nxd4 Bb4+ 9. Bc3 Bd6 10. Nd2 O-O 11. Be2 Bc5 12. Nxc6 bxc6 13. O-O Re8 14. Bd3
Bd6 15. h3 a5 16. Qf3 Nd7 17. Rac1 Be5 18. Rfd1 Qb6 19. Qh5 g6 20. Qh6 a4 21.
Nf3 Bxc3 22. Rxc3 axb3 23. axb3 c5 24. Qf4 Nf8 25. Ne5 Be6 26. Rdc1 Rac8 27.
Qf6 Qd8 28. Qxd8 Rexd8 29. Rxc5 Rxc5 30. Rxc5 Rb8 31. Rb5 Rc8 32. Nf3 Rc1+ 33.
Kh2 Rc3 34. Be2 Nd7 35. Nd4 Nc5 36. b4 Ne4 37. Rb8+ Kg7 38. b5 Nxf2 39. b6 Bc8
40. Nb5 Rc1 41. Bf3 h5 42. Kg3 Nh1+ 43. Kf4 h4 44. Bxd5 Ng3 45. Nc7 Bd7 46. Ke5
Nf5 47. Ne8+ Kf8 48. Nf6+ Ke7 49. Ng8# 1-0

[Event "5e Festival de l'EFE - MI"]
[Site "Metz"]
[Date "2019.07.23"]
[Round "3.4"]
[White "Micottis, Dorian"]
[Black "Harutyunyan, Ruben"]
[Result "1/2-1/2"]
[WhiteElo "2226"]
[BlackElo "2326"]
[PlyCount "72"]
[EventDate "2019.??.??"]

1. e4 c5 2. Nf3 Nf6 3. e5 Nd5 4. Nc3 Nxc3 5. dxc3 Nc6 6. Bf4 e6 7. Qd2 Qc7 8.
O-O-O h6 9. h4 b6 10. Be2 Bb7 11. g4 g6 12. Rh3 O-O-O 13. Kb1 Bg7 14. Qe3 Ne7
15. c4 Nc6 16. h5 g5 17. Bh2 Bf8 18. Qd2 Bg7 19. Qe3 Rhg8 20. c3 Rh8 21. Bg3 d6
22. exd6 Qd7 23. Ne5 Nxe5 24. Bxe5 f6 25. Bh2 f5 26. Bf3 f4 27. Bxb7+ Kxb7 28.
Qe4+ Kb8 29. Rhd3 Rhe8 30. f3 e5 31. Bg1 Re6 32. Rd5 Qc6 33. Qh7 Qd7 34. Qe4
Qc6 35. Qh7 Qd7 36. Qe4 Qc6 1/2-1/2

[Event "5e Festival de l'EFE - MI"]
[Site "Metz"]
[Date "2019.07.24"]
[Round "4.1"]
[White "Ravi, Teja S."]
[Black "Philippe, Guillaume"]
[Result "1-0"]
[WhiteElo "2410"]
[BlackElo "2344"]
[PlyCount "83"]
[EventDate "2019.??.??"]

1. d4 Nf6 2. Nf3 e6 3. e3 c5 4. Bd3 d5 5. O-O Nc6 6. b3 Bd6 7. Bb2 O-O 8. Nbd2
Qe7 9. Ne5 Qc7 10. Nxc6 bxc6 11. Nf3 Ne4 12. c4 f5 13. Rc1 cxd4 14. exd4 Bf4
15. Rc2 Bd7 16. Re1 Be8 17. Ne5 Rf6 18. g3 Bh6 19. Qe2 Qa5 20. Ra1 Rd8 21. f3
Ng5 22. Qe1 Qb6 23. Kg2 Bh5 24. h4 Nf7 25. cxd5 exd5 26. Nd7 Qc7 27. Nxf6+ gxf6
28. Bxf5 Nd6 29. Bd3 Qd7 30. Bc1 Bf8 31. Bf4 Nf5 32. g4 Nxd4 33. gxh5 Nxc2 34.
Bxc2 Kh8 35. Qc3 Be7 36. Rg1 Rf8 37. Kh2 Qe8 38. h6 Qh5 39. Kh3 Rg8 40. Rxg8+
Kxg8 41. Qe1 f5 42. Qe6+ 1-0

[Event "5e Festival de l'EFE - MI"]
[Site "Metz"]
[Date "2019.07.24"]
[Round "4.2"]
[White "Delorme, Alban"]
[Black "Maurizzi, Marc Andria"]
[Result "1/2-1/2"]
[WhiteElo "2327"]
[BlackElo "2412"]
[PlyCount "97"]
[EventDate "2019.??.??"]

1. e4 e6 2. d4 d5 3. Nc3 Nf6 4. Bg5 dxe4 5. Nxe4 Be7 6. Bxf6 gxf6 7. Nf3 f5 8.
Nc3 Qd6 9. Ne5 c6 10. Qh5 Rf8 11. O-O-O Nd7 12. Nxd7 Bxd7 13. g3 O-O-O 14. Bg2
e5 15. dxe5 Qxe5 16. Qe2 Bf6 17. Qxe5 Bxe5 18. Ne2 Be6 19. b3 a5 20. Rxd8+ Rxd8
21. c3 a4 22. Kc2 Kc7 23. f4 Bf6 24. Nc1 axb3+ 25. axb3 b5 26. Re1 h5 27. Re3
h4 28. gxh4 Bxh4 29. Nd3 Rg8 30. Re2 Bf6 31. Nc5 Bc8 32. b4 Rh8 33. h3 Rg8 34.
Nd3 Rg3 35. Ne5 Be6 36. Kd2 Kb6 37. h4 Bxh4 38. Bxc6 Bf6 39. Be8 Rg8 40. Bxf7
Bxe5 41. Bxe6 Bxf4+ 42. Kc2 Re8 43. Bc4 Rxe2+ 44. Bxe2 Be5 45. c4 Bd6 46. cxb5
Bxb4 47. Kd3 f4 48. Ke4 f3 49. Kxf3 1/2-1/2

[Event "5e Festival de l'EFE - MI"]
[Site "Metz"]
[Date "2019.07.24"]
[Round "4.3"]
[White "Villegas, Pierre"]
[Black "Micottis, Dorian"]
[Result "1-0"]
[WhiteElo "2349"]
[BlackElo "2226"]
[PlyCount "103"]
[EventDate "2019.??.??"]

1. d4 Nf6 2. c4 g6 3. Nc3 d5 4. cxd5 Nxd5 5. Bd2 Nb6 6. e3 Bg7 7. Nf3 O-O 8.
Be2 c5 9. dxc5 N6d7 10. Na4 b6 11. cxb6 Nxb6 12. Bc3 Qxd1+ 13. Bxd1 Rd8 14.
Bxg7 Kxg7 15. Rc1 Be6 16. Nxb6 axb6 17. a3 Na6 18. O-O Nc5 19. Nd4 Bd5 20. b4
Nd3 21. Rc3 Nb2 22. Be2 Rd7 23. Rc2 Na4 24. Rfc1 e5 25. Bb5 Rd6 26. Nf3 Be4 27.
Rc7 Bxf3 28. gxf3 Nb2 29. R7c2 Nd3 30. Rd1 Nxb4 31. Rxd6 Nxc2 32. a4 Rb8 33.
Rd7 Ne1 34. Be2 Ra8 35. Bd1 Rc8 36. Kf1 Nc2 37. Ke2 Na3 38. Bb3 Nc4 39. Kd3
Nb2+ 40. Ke4 Nxa4 41. Rxf7+ Kh6 42. Bxa4 Rc4+ 43. Kxe5 Rxa4 44. Rf4 Ra2 45. Kf6
g5 46. Rf5 Rxf2 47. e4 b5 48. e5 b4 49. e6 b3 50. e7 Re2 51. Kf7 b2 52. Rb5 1-0

[Event "5e Festival de l'EFE - MI"]
[Site "Metz"]
[Date "2019.07.24"]
[Round "4.4"]
[White "Kurayan, Ruslan"]
[Black "Mouhamad, Joachim"]
[Result "1-0"]
[WhiteElo "2376"]
[BlackElo "2302"]
[PlyCount "117"]
[EventDate "2019.??.??"]

1. e4 e5 2. Nf3 Nc6 3. d4 exd4 4. Nxd4 Nf6 5. Nxc6 bxc6 6. e5 Qe7 7. Qe2 Nd5 8.
c4 Nb6 9. Nd2 Qe6 10. b3 Bb4 11. Bb2 O-O 12. O-O-O Qh6 13. Qf3 d5 14. exd6 cxd6
15. a3 Bxd2+ 16. Rxd2 d5 17. c5 Nd7 18. Qc3 Nf6 19. f3 Re8 20. Bd3 a5 21. Kb1
Re3 22. Qd4 Rxd3 23. Rxd3 Bf5 24. Ka2 Bxd3 25. Qxd3 Nd7 26. Re1 Nxc5 27. Qc3
Ne6 28. Qxc6 Rd8 29. Qb6 Qh4 30. g3 Qe7 31. f4 Qd7 32. f5 Ng5 33. f6 Ne6 34.
Qxa5 d4 35. fxg7 d3 36. Rd1 Qd6 37. Qb5 Nc5 38. Qc4 Ne6 39. Rd2 Ng5 40. a4 Nf3
41. Rf2 d2 42. Rxf3 Qd7 43. Rf1 d1=Q 44. Rxd1 Qxd1 45. h4 h5 46. Qf4 Rd6 47.
Qe5 Rd8 48. Qe3 Qd6 49. Qg5 f6 50. Qxf6 Qxf6 51. Bxf6 Rd6 52. Be5 Re6 53. Bf4
Kxg7 54. b4 Kf6 55. Kb3 Ke7 56. b5 Kd7 57. a5 Re1 58. Kb4 Re2 59. Kc5 1-0

[Event "5e Festival de l'EFE - MI"]
[Site "Metz"]
[Date "2019.07.24"]
[Round "4.5"]
[White "Harutyunyan, Ruben"]
[Black "Vedder, Richard"]
[Result "1-0"]
[WhiteElo "2326"]
[BlackElo "2286"]
[PlyCount "59"]
[EventDate "2019.??.??"]

1. Nf3 d5 2. d4 Nf6 3. g3 Bf5 4. c4 c6 5. Nc3 e6 6. Nh4 Bg4 7. h3 Bh5 8. Qb3
Qb6 9. c5 Qc7 10. Bf4 Qc8 11. g4 Bg6 12. O-O-O Nbd7 13. Bg2 b6 14. Nxg6 hxg6
15. cxb6 axb6 16. Kb1 b5 17. Rc1 Qa6 18. e4 b4 19. exd5 cxd5 20. Bf1 Qb7 21.
Nb5 Nxg4 22. Nc7+ Kd8 23. Nxa8 Qxa8 24. Qc2 Ngf6 25. Qc7+ Ke8 26. Bb5 Be7 27.
Bc6 Qd8 28. Qb7 Kf8 29. Bxd7 Qxd7 30. Rc8+ 1-0

[Event "5e Festival de l'EFE - MI"]
[Site "Metz"]
[Date "2019.07.25"]
[Round "5.3"]
[White "Micottis, Dorian"]
[Black "Ravi, Teja S."]
[Result "1/2-1/2"]
[WhiteElo "2226"]
[BlackElo "2410"]
[PlyCount "76"]
[EventDate "2019.??.??"]

1. e4 c6 2. d4 d5 3. exd5 cxd5 4. Bd3 Nf6 5. c3 Nc6 6. Bf4 Bg4 7. Qb3 Qd7 8. h3
Bh5 9. Ne2 e6 10. O-O Bg6 11. Bxg6 hxg6 12. Nd2 Be7 13. Rfe1 Rc8 14. Nf3 Ne4
15. Nc1 O-O 16. Nd3 Bd6 17. Bxd6 Qxd6 18. Nfe5 Nxe5 19. Nxe5 Rc7 20. Qa4 Ra8
21. Rac1 Qb6 22. Re2 a5 23. Qd1 Nd6 24. a4 Nc4 25. Nxc4 Rxc4 26. b3 Rc7 27. Rb2
Rac8 28. Qd3 Rc4 29. Qd2 R4c6 30. Qd3 Qc7 31. Rbc2 Qd6 32. h4 Rb6 33. Rb1 Qa3
34. Rcb2 Qd6 35. g3 Rbc6 36. Rc2 Qc7 37. Rbc1 Qb6 38. Rb2 Qc7 1/2-1/2

[Event "5e Festival de l'EFE - MI"]
[Site "Metz"]
[Date "2019.07.25"]
[Round "5.5"]
[White "Mouhamad, Joachim"]
[Black "Harutyunyan, Ruben"]
[Result "1/2-1/2"]
[WhiteElo "2302"]
[BlackElo "2326"]
[PlyCount "66"]
[EventDate "2019.??.??"]

1. e4 e5 2. Nf3 Nc6 3. d4 exd4 4. Nxd4 Bb4+ 5. c3 Bc5 6. Be3 Bb6 7. Nxc6 bxc6
8. Bxb6 axb6 9. Bd3 Ne7 10. O-O O-O 11. Nd2 d6 12. Re1 Ng6 13. g3 Ne5 14. Be2
Ba6 15. f4 Nd3 16. Bxd3 Bxd3 17. Re3 Ba6 18. Qh5 Qf6 19. Rae1 Rfe8 20. a3 c5
21. Qd5 Rab8 22. Qh5 Bb7 23. h4 Re7 24. Qg5 Rbe8 25. Qxf6 gxf6 26. Kf2 h5 27.
R1e2 Kg7 28. Re1 Re6 29. R1e2 b5 30. Re1 c4 31. R1e2 R6e7 32. Re1 Re6 33. R1e2
R6e7 1/2-1/2

[Event "5e Festival de l'EFE - MI"]
[Site "Metz"]
[Date "2019.07.26"]
[Round "6.1"]
[White "Maurizzi, Marc Andria"]
[Black "Philippe, Guillaume"]
[Result "1-0"]
[WhiteElo "2412"]
[BlackElo "2344"]
[PlyCount "55"]
[EventDate "2019.??.??"]

1. e4 c5 2. Nc3 a6 3. g3 b5 4. Bg2 Bb7 5. Nh3 e6 6. d3 Nc6 7. O-O d6 8. f4 Nf6
9. f5 e5 10. Nd5 h5 11. Bg5 Be7 12. Nxe7 Qxe7 13. c3 O-O-O 14. Bf3 Qc7 15. Nf2
Ne7 16. a4 Kb8 17. axb5 axb5 18. Qb3 Nxf5 19. Qxb5 Ne7 20. Ra3 Qd7 21. Qb3 Nc6
22. Rfa1 Kc7 23. Nd1 Qe6 24. Bxf6 gxf6 25. Qb5 Rb8 26. Ne3 Ne7 27. b4 cxb4 28.
cxb4 1-0

[Event "5e Festival de l'EFE - MI"]
[Site "Metz"]
[Date "2019.07.26"]
[Round "6.2"]
[White "Ravi, Teja S."]
[Black "Vedder, Richard"]
[Result "1-0"]
[WhiteElo "2410"]
[BlackElo "2286"]
[PlyCount "80"]
[EventDate "2019.??.??"]

1. Nf3 d5 2. d4 Nf6 3. c4 dxc4 4. e3 e6 5. Bxc4 a6 6. O-O b5 7. Bb3 Bb7 8. a4
b4 9. Nbd2 Be7 10. Re1 c5 11. e4 cxd4 12. e5 Nfd7 13. Nxd4 Nc5 14. Qg4 g6 15.
Nc4 h5 16. Qd1 Nxb3 17. Nxb3 Qxd1 18. Rxd1 Bd5 19. Nba5 Nc6 20. Nxc6 Bxc6 21.
Nd6+ Kf8 22. Be3 Bd5 23. Rdc1 Kg7 24. Rc7 Bxd6 25. exd6 Rhd8 26. Bd4+ Kg8 27.
d7 f5 28. Bf6 Kf7 29. Bxd8 Rxd8 30. f4 Ke7 31. Kf2 Rxd7 32. Rxd7+ Kxd7 33. Rc1
Bc6 34. a5 Bd5 35. Ke3 Bxg2 36. Rg1 Bd5 37. Rxg6 Kc6 38. Rh6 Kb5 39. Rxh5 Kxa5
40. Rg5 Be4 {Kxe4} 1-0

[Event "5e Festival de l'EFE - MI"]
[Site "Metz"]
[Date "2019.07.26"]
[Round "6.3"]
[White "Delorme, Alban"]
[Black "Micottis, Dorian"]
[Result "1-0"]
[WhiteElo "2327"]
[BlackElo "2226"]
[PlyCount "65"]
[EventDate "2019.??.??"]

1. e4 c5 2. Nf3 e6 3. d4 cxd4 4. Nxd4 a6 5. Bd3 Bc5 6. Nb3 Be7 7. O-O d6 8. Qg4
g6 9. c4 Nf6 10. Qe2 O-O 11. Nc3 Nc6 12. f4 Qc7 13. Be3 Re8 14. Rac1 Qb8 15. f5
Ne5 16. Bg5 Kg7 17. Nd4 h6 18. Bh4 Bd7 19. Nf3 Nxd3 20. Qxd3 exf5 21. exf5 Bxf5
22. Qd2 Qd8 23. Nd4 Bd7 24. Rce1 Ng8 25. Rxe7 Nxe7 26. Bf6+ Kh7 27. Nd5 Be6 28.
Rf3 Qd7 29. Nb6 Qc7 30. Nxa8 Qc5 31. Nc7 Rc8 32. Ncxe6 fxe6 33. b4 1-0

[Event "5e Festival de l'EFE - MI"]
[Site "Metz"]
[Date "2019.07.26"]
[Round "6.4"]
[White "Villegas, Pierre"]
[Black "Mouhamad, Joachim"]
[Result "1-0"]
[WhiteElo "2349"]
[BlackElo "2302"]
[PlyCount "107"]
[EventDate "2019.??.??"]

1. d4 Nf6 2. c4 g6 3. f3 c5 4. d5 Bg7 5. e4 d6 6. Ne2 O-O 7. Nec3 e5 8. Be2 Nh5
9. O-O a6 10. g3 f5 11. exf5 gxf5 12. f4 Nf6 13. Na3 e4 14. Nc2 Qe8 15. h3 Qg6
16. Kh2 h5 17. Ne3 Qh7 18. Bd2 b6 19. Rb1 Ra7 20. Na4 Rb7 21. b4 b5 22. cxb5
axb5 23. Nc3 c4 24. a4 bxa4 25. Nxc4 Ng4+ 26. Kg2 e3 27. Be1 Nf2 28. Bxf2 exf2
29. Nxa4 h4 30. Rb3 Rf6 31. Nab6 Bd7 32. Nxd7 Rxd7 33. Rxf2 hxg3 34. Rxg3 Rg6
35. Rff3 Rxg3+ 36. Rxg3 Qh4 37. Qd2 Qf6 38. Ne3 Kh8 39. Bd3 Qd4 40. Nxf5 Qxd5+
41. Kh2 Ra7 42. Ne3 Qd4 43. Nc2 Qf6 44. Rg6 Qh4 45. Rg4 Qf6 46. Rg6 Qh4 47. Rg4
Qf6 48. Bc4 Nc6 49. Qd5 Ne7 50. Qh5+ Qh6 51. Qe8+ Bf8 52. Qf7 d5 53. Bxd5 Nxd5
54. Qg8# 1-0

[Event "5e Festival de l'EFE - MI"]
[Site "Metz"]
[Date "2019.07.26"]
[Round "6.5"]
[White "Kurayan, Ruslan"]
[Black "Harutyunyan, Ruben"]
[Result "1-0"]
[WhiteElo "2376"]
[BlackElo "2326"]
[PlyCount "67"]
[EventDate "2019.??.??"]

1. e4 c5 2. Nf3 d6 3. d4 cxd4 4. Nxd4 Nf6 5. Nc3 Nc6 6. Bg5 e6 7. Qd2 a6 8.
O-O-O Bd7 9. f4 b5 10. Qe1 Nxd4 11. Rxd4 Qb6 12. Qd2 Bc6 13. Bxf6 gxf6 14. Be2
b4 15. Nd5 exd5 16. exd5 Bd7 17. Rxb4 Qc7 18. Bxa6 Qa7 19. Bb7 Rb8 20. Re1+ Kd8
21. Bc6 Bh6 22. Rxb8+ Qxb8 23. Qd4 Bg7 24. Qe3 Bf8 25. a4 Qc8 26. Qb6+ Qc7 27.
a5 Bh6 28. Re7 Bxf4+ 29. Kb1 Qxb6 30. Rxd7+ Ke8 31. axb6 Kf8 32. Rd8+ Ke7 33.
Rxh8 Bc1 34. Re8# 1-0

[Event "5e Festival de l'EFE - MI"]
[Site "Metz"]
[Date "2019.07.26"]
[Round "7.1"]
[White "Philippe, Guillaume"]
[Black "Kurayan, Ruslan"]
[Result "1/2-1/2"]
[WhiteElo "2344"]
[BlackElo "2376"]
[PlyCount "75"]
[EventDate "2019.??.??"]

1. Nf3 Nf6 2. e3 g6 3. b4 Bg7 4. Bb2 O-O 5. c4 d6 6. Be2 e5 7. d3 e4 8. dxe4
Nxe4 9. Bxg7 Kxg7 10. Qd4+ Qf6 11. Qxf6+ Nxf6 12. Nc3 Be6 13. O-O Nc6 14. a3 a6
15. Rfd1 Rad8 16. Rac1 Ne5 17. Nd2 Bg4 18. f3 Be6 19. h3 a5 20. f4 Nc6 21. b5
Ne7 22. Bf3 b6 23. Nde4 Nd7 24. Ne2 Bf5 25. Nf2 Nc5 26. Nd4 f6 27. Bc6 Nxc6 28.
Nxc6 Rde8 29. Re1 Be4 30. Nd4 h5 31. Rcd1 Re7 32. Nxe4 Rxe4 33. g4 hxg4 34.
hxg4 Rfe8 35. Kf2 Ne6 36. Nxe6+ R8xe6 37. Rd4 g5 38. fxg5 1/2-1/2

[Event "5e Festival de l'EFE - MI"]
[Site "Metz"]
[Date "2019.07.27"]
[Round "8.2"]
[White "Ravi, Teja S."]
[Black "Harutyunyan, Ruben"]
[Result "1/2-1/2"]
[WhiteElo "2410"]
[BlackElo "2326"]
[PlyCount "107"]
[EventDate "2019.??.??"]

1. d4 Nf6 2. Nf3 d5 3. Bf4 c5 4. e3 Nc6 5. Nbd2 cxd4 6. exd4 Bg4 7. c3 e6 8.
Qb3 Qb6 9. Ne5 Qxb3 10. axb3 Nxe5 11. Bxe5 Nd7 12. Bb5 a6 13. Bg3 Be7 14. b4
Rc8 15. Bd3 Bf5 16. Be2 O-O 17. O-O Nf6 18. Ra2 Ne8 19. b5 axb5 20. Bxb5 Nd6
21. Be2 Rc6 22. Rfa1 Rb6 23. Bf4 f6 24. Be3 Rc8 25. Ra8 Rxa8 26. Rxa8+ Kf7 27.
Ra2 g5 28. f3 Bg6 29. Bf1 Kg7 30. Bf2 Be8 31. b3 Bg6 32. c4 Rb4 33. g4 f5 34.
h3 Bf6 35. Ra4 Rxa4 36. bxa4 Be8 37. cxd5 exd5 38. a5 Bb5 39. Nb3 Bxf1 40. Kxf1
fxg4 41. hxg4 Nc4 42. Ke2 Kg6 43. Be1 Bd8 44. Nc5 Bxa5 45. Nxb7 Bxe1 46. Kxe1
h5 47. gxh5+ Kxh5 48. Nc5 Ne3 49. Ke2 Nf5 50. Ne6 Kh4 51. Kd3 g4 52. fxg4 Kxg4
53. Nc7 Nxd4 54. Nxd5 1/2-1/2

[Event "5e Festival de l'EFE - MI"]
[Site "Metz"]
[Date "2019.07.27"]
[Round "8.3"]
[White "Delorme, Alban"]
[Black "Mouhamad, Joachim"]
[Result "1-0"]
[WhiteElo "2327"]
[BlackElo "2302"]
[PlyCount "74"]
[EventDate "2019.??.??"]

1. d4 Nf6 2. Nf3 g6 3. g3 Bg7 4. Bg2 O-O 5. O-O d5 6. c4 dxc4 7. Na3 c3 8. bxc3
c5 9. Ne5 Nc6 10. Nac4 Nd5 11. Bb2 Be6 12. e4 Nxe5 13. Nxe5 Nb6 14. f4 Nc4 15.
Nxc4 Bxc4 16. Rf2 Qd7 17. Rd2 Rfd8 18. a4 Rac8 19. a5 e6 20. h4 e5 21. fxe5
Bxe5 22. Kh2 Bg7 23. Qf3 h5 24. Rf2 Rc6 25. Bh3 Qe8 26. e5 Be6 27. Bg2 Bd5 28.
Qxd5 Rxd5 29. Bxd5 Rc7 30. Rxf7 Rxf7 31. Rf1 Qb5 32. Rxf7 cxd4 33. c4 Qxa5 34.
Bxd4 Kh8 35. Kh3 Qe1 36. e6 Bxd4 37. e7 Bg7 1-0

[Event "5e Festival de l'EFE - MI"]
[Site "Metz"]
[Date "2019.07.29"]
[Round "9.1"]
[White "Micottis, Dorian"]
[Black "Kurayan, Ruslan"]
[Result "1/2-1/2"]
[WhiteElo "2226"]
[BlackElo "2376"]
[PlyCount "87"]
[EventDate "2019.??.??"]

1. e4 c5 2. Nf3 d6 3. d4 Nf6 4. Nc3 cxd4 5. Nxd4 g6 6. Be3 Bg7 7. f3 O-O 8. Qd2
Nc6 9. Bc4 Bd7 10. O-O-O Rb8 11. Bb3 Na5 12. h4 b5 13. h5 Nc4 14. Bxc4 bxc4 15.
Kb1 Qb6 16. b3 Qb4 17. Bg5 Rfc8 18. Bxf6 Bxf6 19. Nd5 Qxd2 20. Rxd2 Bg5 21. f4
e6 22. fxg5 exd5 23. exd5 Rc5 24. Nc6 Bxc6 25. dxc6 Rxc6 26. h6 c3 27. Rd3 Re8
28. a4 Rc5 29. Rxd6 Rxg5 30. Rc6 Rxg2 31. Rxc3 f5 32. Rc7 Rf8 33. Rxa7 f4 34.
Rd1 Rh2 35. Rg7+ Kh8 36. Rf7 Kg8 37. Rg7+ Kh8 38. Rf7 Kg8 39. Rg7+ Kh8 40. Rf7
Rc8 41. Rxf4 Rf8 42. Rf7 Kg8 43. Rxf8+ Kxf8 44. a5 1/2-1/2